| 000 | 00547nam a22001817a 4500 | ||
|---|---|---|---|
| 003 | OSt | ||
| 005 | 20260424013533.0 | ||
| 008 | 260424b |||||||| |||| 00| 0 eng d | ||
| 020 | _a971-27-1102-1 | ||
| 040 |
_aDWCL Main Lib. _cOC |
||
| 082 | _a303.32 G165k 2001 | ||
| 100 | _aScott Garceau | ||
| 245 |
_aKano-nization : _bMore secrets from the x-pat files/ _cScott Garceau |
||
| 260 |
_aPasig City : _bAnvil Publishing, Inc., _cc2001 |
||
| 300 |
_a183 p. ; _c22 cm. |
||
| 650 | _aFilipinos - Social values | ||
| 942 |
_2ddc _cBK-FIL _hFil. _n0 |
||
| 999 |
_c9823 _d9823 |
||